Lakáshelyzet Nyíregyházán az 1990-es években

Elmentve itt :
Bibliográfiai részletek
Szerző: Pénzes József
További közreműködők: Szondi Ildikó (Témavezető)
Dokumentumtípus: Szakdolgozat
Megjelent: 2003
Tárgyszavak:
Online Access:http://diploma.bibl.u-szeged.hu/28624
LEADER 00560nta a2200157 i 4500
001 dipl28624
005 20130314085751.0
008 110815s2003 hu om 0|| zxx d
040 |a SZTE Diploma Repozitórium  |b hun 
041 |a zxx 
100 1 |a Pénzes József 
245 1 0 |a Lakáshelyzet Nyíregyházán az 1990-es években  |h [elektronikus dokumentum] /  |c József Pénzes 
260 |c 2003 
650 4 |a Jogi és igazgatási tanulmányok 
700 1 |a Szondi Ildikó  |e ths 
856 4 0 |u http://diploma.bibl.u-szeged.hu/id/eprint/28624/1/2003_penzes_jozsef.pdf  |z Dokumentum-elérés